MARC details
| 000 -LEADER |
| fixed length control field |
01011 a2200313 4500 |
| 001 - CONTROL NUMBER |
| control field |
200129603 |
| 003 - CONTROL NUMBER IDENTIFIER |
| control field |
TR-AnTOB |
| 005 - DATE AND TIME OF LATEST TRANSACTION |
| control field |
20250812132156.0 |
| 008 - FIXED-LENGTH DATA ELEMENTS--GENERAL INFORMATION |
| fixed length control field |
160802b tu 000 0 |
| 040 ## - CATALOGING SOURCE |
| Original cataloging agency |
TR-AnTOB |
| 041 ## - LANGUAGE CODE |
| Language code of text/sound track or separate title |
Türkçe |
| 050 ## - LIBRARY OF CONGRESS CALL NUMBER |
| Classification number |
HD75.8 |
| Item number |
.D65 2008 |
| 090 ## - LOCALLY ASSIGNED LC-TYPE CALL NUMBER (OCLC); LOCAL CALL NUMBER (RLIN) |
| Classification number (OCLC) (R) ; Classification number, CALL (RLIN) (NR) |
HD75.8 .D65 2008 |
| 110 2# - MAIN ENTRY--CORPORATE NAME |
| Corporate name or jurisdiction name as entry element |
Bilgi Teknolojileri ve İletişim Kurumu |
| 9 (RLIN) |
90012 |
| 245 00 - TITLE STATEMENT |
| Title |
2013 iş planı / |
| Statement of responsibility, etc. |
BTK. |
| 264 #1 - PRODUCTION, PUBLICATION, DISTRIBUTION, MANUFACTURE, AND COPYRIGHT NOTICE |
| Place of production, publication, distribution, manufacture |
Ankara : |
| Name of producer, publisher, distributor, manufacturer |
BTK, |
| Date of production, publication, distribution, manufacture, or copyright notice |
2008. |
| 300 ## - PHYSICAL DESCRIPTION |
| Extent |
69 p. : |
| Other physical details |
tabl. , ill. |
| 504 ## - BIBLIOGRAPHY, ETC. NOTE |
| Bibliography, etc. note |
|
| 650 07 - SUBJECT ADDED ENTRY--TOPICAL TERM |
| Topical term or geographic name entry element |
Makroekonomi |
| General subdivision |
Matematiksel modeller |
| Source of heading or term |
etuturkob |
| 9 (RLIN) |
22363 |
|
| Topical term or geographic name entry element |
Macroeconomics |
| General subdivision |
Mathematical models |
| 9 (RLIN) |
22365 |
|
| Topical term or geographic name entry element |
Ekonomik kalkınma projeleri |
| Geographic subdivision |
Türkiye |
| Source of heading or term |
etuturkob |
| 9 (RLIN) |
103506 |
|
| Topical term or geographic name entry element |
Economic development projects |
| Geographic subdivision |
Turkey |
| 9 (RLIN) |
48198 |
|
| Topical term or geographic name entry element |
Econometric models |
| 9 (RLIN) |
22317 |
|
| Topical term or geographic name entry element |
Ekonometrik modeller |
| 9 (RLIN) |
113924 |
|
| Topical term or geographic name entry element |
Economic development projects |
| 9 (RLIN) |
27549 |
|
| Topical term or geographic name entry element |
Ekonomik kalkınma projeleri |
| 9 (RLIN) |
31859 |
| 942 ## - ADDED ENTRY ELEMENTS (KOHA) |
| Koha item type |
Book |